Quizzes
Events
Quiz Creation
Community
Videos
Private Events
Remove Ads
Sign In
Join for FREE
Feedback
Dark Mode
Quiz Categories
Sports
Geography
Music
Movies
Television
Just For Fun
Miscellaneous
History
Literature
Language
Science
Gaming
Entertainment
Religion
Holiday
For Kids
Quiz Lab
Recent
Popular Today
Quiz Kudos Today
Editor Picks
Curator Picks
Quizzes by...
Day
Popularity
Type
Ratings
Length
Year
Community
Subscriptions
Recent Discussions
Orange Saloon
Badges
Playlists
Quests
Create
Leaderboards
Showdown
Live 5
Trivia Bingo
Activity
Puzzle Library
Sporcle Events
Private Events
Virtual Trivia
Globe League
Become a Host
Pub Owners
SporcleCon
Opinionation
Our Games
Videos
Blog
Mobile Apps
Partnerships
Remove Ads and Go Orange
Feedback
Entertainment
Celebrity
Famous
Musical
Broadway
Show
Quote
Comic Books
Anime
Superhero
DC Comics
Marvel
Cartoons
Animation
Entertainment
Celebrity
Famous
Musical
Broadway
Show
Quote
Comic Books
Anime
Superhero
DC Comics
Marvel
Cartoons
Animation
Random Quiz
Search Sporcle
×
Quiz Lab
Quiz Lab
Entertainment
hall
Type in answers that appear in a list
Type in answers that appear in a list
Classic
Best Score? Go Orange.
Name the hex hall characters. Stats
Can you name the Name the hex hall characters.?
By
Angela1325
5m
30 Questions
718 Plays
718 Plays
718 Plays
Comments
Comments
Give Quiz Kudos
Give Quiz Kudos
-
- Ratings
hide this ad
No Skip
Answers have to be entered in order without skipping
Answers have to be entered in order without skipping
Replay
Link that replays current quiz
Next Quiz
Link to next quiz in quiz playlist
You Got
0%
They Got
Avg Score
41%
Avg Friend Score
Upgrade to see
Score Distribution
Jump to the score distribution portion of the page
Score
0/30
Timer
05:00
0
Plays Today
Hint
Character
% Correct
?
???
100%
?
???
92.3%
?
???
73%
?
???
68.7%
?
???
63.2%
?
???
59.6%
?
???
55.7%
?
???
55.7%
?
???
53.6%
?
???
50.6%
?
???
50.3%
?
???
50%
?
???
49.3%
?
???
43.7%
?
???
43.7%
Hint
Character
% Correct
?
???
41.6%
?
???
40%
?
???
39.8%
?
???
39.1%
?
???
29.2%
?
???
28.7%
?
???
28.6%
?
???
22.4%
?
???
21.3%
?
???
19.4%
?
???
15.2%
?
???
9.9%
?
???
4.6%
?
???
4.6%
?
???
4%
Quiz Playlist
Details
Report
Send in Message
Add To Playlist
Classic:
Type in answers that appear in a list
No Skip:
Answers have to be entered in order without skipping
Last Updated: Apr 14, 2017
Quiz Scoreboard
CHALLENGE
Sign Up to Join the Scoreboard
Show All
Scores
Hide
Comments
May contain spoilers
Recently Published
Billboard Blitz: Fleetwood Mac
by CooCooCachoo
Music
15s
Presidents Visiting Landmarks
by Hejman
History
7m
An Introduction to Baseball
by treessimontrees
Sports
5m
More to Explore
Quiz From the Vault
Featured Blog Post
Where Did the Easter Bunny Come From?
hide this ad
You Might Also Like...
Tags
Character
hall
Hex
Today's Top Quizzes in Entertainment
Browse Entertainment
hide this ad
Today's Top Quizzes in hall
Browse hall
Top Contributed Quizzes in Entertainment
1
7-to-1: DC Comics Villains
2
Marvel Characters Bunker
3
Eurovision 2023 Logic Puzzle
4
Kamen Rider Motifs
5
Dragon Ball Z: Goku's Fights in Order
6
Criteria Quickie: Cartoon Taxonomy II
7
Sorting Pictures: Villains
8
Fictional Villains Letter U Blitz
9
Dragon Ball Z: Mega Character Search
10
Mini Trivia Sudoku: Musicals
Explore More
Trending Topics
Anime
NBA
Disney
Marvel
Harry Potter
Crossword
Kpop
Pokémon
Song
Puzzle
WWE
Soccer
The Office
Country
NFL
hide this ad
More By:
Angela1325
Quiz
Plays
Rating
Category
Featured
Created
Name the hex hall characters.
718
5.00
Entertainment
Jul 7, 2012
Go to Creator's Profile
Score Distribution
Quiz Creator Spotlight
Angela1325
Follow
Send a Message
Quizzes Created
-
Created Quiz Play Count
-
More By This Creator
Popular Quizzes Today
1
Find the US States - No Outlines Minefield
2
Find the Countries of Europe - No Outlines Minefield
3
The Countries of the World
4
Find the US States
5
US States
6
Popular People in 1961
7
Risky Map Clicking: Biggest States A-Z
8
Movies - When Are They Set?
More Entertainment Quizzes
Avatar Last Airbender: Book 3
Quiz Lab
Trending Quizzes
Risky Map Clicking: Least Populous States A-Z
1-10 Letter G Words
1-10 Letter F Words
Risky Map Clicking: Next State Alphabetically
Risky Map Clicking: Biggest States A-Z
Recently Updated
Leaping Animals
pecheneg
Reality TV Shows (A-Z)
bhenderson79
Rickey Henderson's Hall of Fame Teammates
pecheneg
Champions League XIs: Arsenal
pecheneg
Quick Pick: Celebrities in WWE's Hall of Fame
aduchscher
A-Z Keypad Blitz II
pecheneg
Multiple Oscar Actors
pecheneg
Mystery Phrase Blitz: Oscar 'Best Actors'
pecheneg
F. Scott Fitzgerald Novels
LTH
Pick 3 Villains
ddd62291
Trending Topics
Harry Potter
Crossword
Anime
NBA
Kpop
Disney
Marvel
Song
Puzzle
The Office
WWE
Soccer
NFL
Country
Pokémon
Your Account Isn't Verified!
In order to create a playlist on Sporcle, you need to verify the email address you used during registration. Go to your
Sporcle Settings
to finish the process.
Report this User
Report this user for behavior that violates our
Community Guidelines
.
Details:
Send Report
Go to the Sporcle.com Mobile Site →
Comments